[Event "2016 Battle of Alberta "]
[Site "Red Deer"]
[Date "2016.09.10"]
[Round "2.9"]
[White "Boehmer, Kris"]
[Black "Hughey, Micah"]
[Result "1/2-1/2"]
[WhiteElo "2191"]
[BlackElo "2117"]
[PlyCount "129"]
[EventDate "2016.09.10"]
[EventType "team-match"]
[EventRounds "2"]
[EventCountry "CAN"]
[SourceDate "2016.04.20"]
[WhiteTeam "South"]
[BlackTeam "North"]

{This game illustrates perfect opening preparation.} 1. d4 d5 2. c4 e6 3. Nf3
c5 4. cxd5 exd5 5. g3 Nc6 6. Bg2 Nf6 7. O-O Be7 8. Nc3 O-O {A tabiya of the
Tarrasch defence that must have occurred in hundreds of Micah's games.} 9. dxc5
d4 {This interesting pawn sacrifice is Micah's pet line.} ({The natural} 9...
Bxc5 {is, of course, the most popular continuation here. I can say that I have
played the position after} 10. Na4 {with both colors and I really like White's
relatively simple play against the isolani.}) 10. Na4 Bf5 11. Bf4 Be4 12. Rc1 {
The game smoothly follows White's preparation.} Qd5 {The most popular but not
necessarily best.} ({The purpose of White's previous is to get ready for} 12...
Nd5 {which can now be met by} 13. Bd6 Bxd6 14. cxd6 Qxd6 15. Nc5 {with an
excellent position.}) ({Caution: White must be prepared for all kinds of moves
here including} 12... h6 $5) 13. Qb3 Qh5 14. Rfd1 Rad8 15. Qxb7 $1 {This
simple pawn grab has been recommended by GM Boris Avrukh although there are no
practical examples in the database.} d3 {The critical test but White is ready.}
16. Nc3 dxe2 17. Rxd8 Rxd8 18. Nxe4 Nxe4 19. Ne1 {Avrukh ends his analysis
here with a verdict "White wins". The computer agrees. White's prep has worked
out perfectly!} Qg6 {The only issue is that Black does have some activity
along with a "nail" on e2 that gives him tactical opportunities. White may be
asked to find a few precise move to extinguish the opponent's initiative.} 20.
Qa6 Bxc5 {A nice try but there is a refutation.} 21. Bxe4 Qxe4 22. Rxc5 $1 Rd1
23. Rc1 $2 ({Correct is} 23. Bd2 $1 Rxd2 24. Qxc6 Qxc6 25. Rxc6 {taking
advantage of Black's back rank problems. In this line Black has to resign
immediately but now things get complicated.}) 23... g5 $2 {The right idea but
not the execution.} ({Interestingly enough, the best move is a cold-blooded} 
23... h6 $1 {casually creating a much needed luft for the king. It turns out
that White doesn't have a useful move, and after, say,} 24. Qb7 {(to pin the
knight)} g5 25. Be3 Qb4 $1 26. Qxb4 Nxb4 27. Kg2 Nxa2 {Black will regain a
piece with equality.}) 24. Qc8+ {White plays it safe, which is not a bad
practical decision.} ({Objectively, after the brave} 24. Bxg5 $1 {Black's days
would have been numbered but such a continuation requires nerves of steel and
precise calculation.} {The knight cannot move yet because of a checkmate in a
couple of moves but Black has ideas like} h6 $5 {creating another luft square
for the king with a tempo.} {After, say,} 25. Bxh6 Ne5 26. Rc8+ Kh7 {White has
to foresee} 27. Rh8+ $1 Kxh8 28. Qf6+ Kh7 29. Qg7# {or he is lost!}) 24... Kg7
25. Qg4 h6 26. Rxd1 exd1=Q 27. Qxd1 gxf4 28. Qg4+ Kh7 29. Nf3 Qb1+ 30. Kg2 fxg3
31. hxg3 {So Black managed to survive for the time being although this endgame
isn't much fun for him.} a5 ({Certainly not} 31... Qxb2 $4 32. Qe4+ {picking
up the c6-knight.}) 32. Qd7 Qg6 33. Nh4 $2 {After this careless move the win
becomes problematic if not impossible.} ({White should prepare the knight jump
with} 33. Qd5 {taking the e4-square under control.}) 33... Qe4+ $1 34. Kh2 Ne5
35. Qf5+ {Probably best although Black is happy to exchange queens.} Qxf5 36.
Nxf5 Nd3 37. b3 Nxf2 38. Nd6 ({The computer indicates that} 38. a3 $5 {is the
best try for a win.}) 38... Nd3 ({Even better is} 38... Ng4+ 39. Kg2 Ne5 {
keeping the number of pawns on the board even.} {A handshake is in order after}
40. Nc4 Nc6) {Now White manages to keep his extra pawn, which gives him the
right to play on.} 39. Nxf7 Nc1 40. Nd6 Nxa2 41. Nc4 Nb4 42. Nxa5 Kg6 43. Kh3
Kg5 44. Nc4 {Nevertheless, the position is probably drawn.} Nd3 45. Nd2 Nf2+
46. Kg2 Nd3 47. Kh3 Nf2+ 48. Kg2 Nd3 49. Kf3 h5 50. Ne4+ Kf5 51. Ke3 Nb4 52.
Nf2 Kg5 53. Ke4 h4 54. g4 {Nice try but Black's passer guarantees him half a
point.} (54. gxh4+ Kxh4 {is a tablebase draw.}) 54... Nc2 55. Kd3 Nb4+ 56. Kc4
Na2 57. Kd4 Kf4 58. Kc4 Kf3 59. g5 Kxf2 60. g6 h3 61. g7 h2 62. g8=Q h1=Q 63.
Qf7+ Ke2 64. Qe6+ Kd2 65. Qd5+ 1/2-1/2

[Event "2016 Battle of Alberta "]
[Site "Red Deer"]
[Date "2016.09.10"]
[Round "2.10"]
[White "Kalisvaart, Peter"]
[Black "Tam, Erik"]
[Result "1-0"]
[WhiteElo "2107"]
[BlackElo "2142"]
[PlyCount "105"]
[EventDate "2016.09.10"]
[EventType "team-match"]
[EventRounds "2"]
[EventCountry "CAN"]
[SourceDate "2016.04.20"]
[WhiteTeam "North"]
[BlackTeam "South"]

1. d4 d6 2. c4 e5 3. dxe5 dxe5 4. Qxd8+ Kxd8 5. Nc3 Be6 6. e4 c6 {Black
achieves an excellent score in this line but the main reason may be a big
difference in rating in favor of the Black players.} 7. f4 f6 ({The computer
advocates} 7... exf4 {although White's game is easy after} 8. Bxf4) 8. Nf3 Nd7
9. fxe5 fxe5 ({Better is} 9... Nxe5 $1 {exchanging the f3-knight before it can
jump to g5. This was David Bronstein's choice in his 1982 game against Grigory
Press.}) 10. Ng5 Ke7 11. g3 {Black's position looks suspicious but White
doesn't really have anything concrete.} Ngf6 12. Nxe6 Kxe6 13. Bh3+ Kf7 14. Bg5
Bc5 (14... Bb4 $5 {threatening to ruin the opponent's pawn structure is
interesting.}) 15. O-O-O h6 16. Rhf1 {This looks like a bluff that suddenly
works out really well.} ({There is nothing wrong with} 16. Bd2 {when the
chances remain approximately equal.}) 16... Rad8 $4 {A blunder in a critical
position.} ({Black may have stopped calculating after the principal} 16... hxg5
17. Rxd7+ {but it was worth going further: after} Be7 $1 {White's pieces are
hanging.} {Then after} 18. Bg4 Ke8 19. Rxf6 {(forced)} gxf6 20. Rxb7 Rxh2 21.
Bd7+ Kf8 22. Bxc6 {White has active pieces and compensation for a slight
material deficit but Black has his chances as well.}) {Now it's all over.} 17.
Rxd7+ Rxd7 18. Bxf6 {Black must have missed this cute intermezzo. Now he
cannot avoid material losses.} Be3+ 19. Kb1 Rd2 20. Bxe5+ Rf2 21. Rxf2+ Bxf2
22. Kc2 Re8 23. Bd6 Bg1 24. e5 Bxh2 25. e6+ Rxe6 26. Bxe6+ Kxe6 27. Bb8 {
White ended up with an extra piece and went on to win convincingly.} h5 28. Kd3
Bg1 29. Ne2 Bf2 30. Nf4+ Kf5 31. Nxh5 g6 32. Ke2 Bd4 33. Nf4 Bxb2 34. Kf3 Bd4
35. g4+ Kf6 36. Ne2 Bc5 37. Ng3 Bg1 38. Ne4+ Ke6 39. Ng5+ Kf6 40. Nh3 Bc5 41.
Ke4 b5 42. g5+ Ke6 43. Nf4+ Kf7 44. cxb5 cxb5 45. Kd5 Be3 46. Kc6 b4 47. Kb5
Bd2 48. Bd6 a5 49. Ka4 Kg7 50. Nh3 Kf7 51. Bc7 Ke6 52. Bxa5 b3 53. axb3 1-0

[Event "2016 Alberta Open"]
[Site "Calgary"]
[Date "2016.10.09"]
[Round "3.1"]
[White "Yam, Alex"]
[Black "Gardner, Robert"]
[Result "0-1"]
[WhiteElo "2378"]
[BlackElo "2264"]
[PlyCount "88"]
[EventDate "2016.10.08"]
[EventType "swiss"]
[EventRounds "6"]
[EventCountry "CAN"]
[SourceDate "2016.04.20"]

{A very typical win for Rob Gardner: a dubious opening, lost position after 12
moves, fight on, take advantage of the opponent's mistakes and get a winning
position after move 22.} 1. e4 c5 2. Nf3 Nc6 3. Bb5 Qc7 4. O-O a6 5. Bxc6 Qxc6
6. Nc3 e6 7. Re1 d6 8. d4 cxd4 9. Qxd4 Nf6 {This whole line looks good for
White. He parted with the bishop pair but gained a considerable lead in
development.} 10. Bg5 (10. Nd5 $5 {is possible right here.}) 10... Be7 11. Nd5
$1 {This gives White a winning attack.} exd5 12. exd5 Qc7 13. Bxf6 gxf6 14.
Qxf6 Rf8 (14... Rg8 {looks like a more tenacious alternative although Black
certainly didn't like} 15. Ng5) 15. Rxe7+ $6 {Tempting but not entirely
correct.} ({The computer suggests} 15. Re3 $5 {with a simple plan of doubling
the rooks and indicates that Black's position is critical.} {A sample line is}
Kd8 16. Qh6 Bg4 17. Nd4 $1 Re8 18. Rae1 Bd7 {Black is on the ropes but it's
not obvious how White can deliver a knock-out punch.}) 15... Qxe7 16. Re1 Be6
$1 {The only move.} ({After} 16... Qxe1+ 17. Nxe1 {Black's lack of
coordination will soon prove fatal.}) 17. Qc3 $1 {Best. White maintains
pressure but his position is not as dominating as in the line above.} Rc8 18.
Qb3 Rc5 19. dxe6 Kd8 20. Qb6+ $2 {Surprisingly, this extra check loses all of
White's advantage.} ({Correct is the immediate} 20. Nd4 $1 {since} fxe6 {
may be answered by} 21. Nxe6+ {(with a check!)} Kc8 22. Re3 {White will soon
be two pawns up.}) 20... Kc8 21. Nd4 $6 ({The computer indicates that White
should start playing for a draw:} 21. exf7 Qxf7 22. Re2 {With the material
being approximately equal, a draw is indeed the most likely outcome.}) 21...
fxe6 22. Re3 $2 ({Here} 22. Nxe6 $2 {runs into} Rxc2 {followed by Black's
deadly counterattack.}) (22. Qb3 $1 {the queen returns to defend the king})
22... Kb8 {Too much prophylaxis.} (22... Qh4 $1 {turns out to be surprisingly
strong.} 23. Nf3 {may then be answered by} Rxc2 $1 {taking advantage of the
opponent's back rank problems. White doesn't have a good way out of this mess.}
) 23. f4 $2 {After this Black assumes full control of the position and never
lets the opponent off the hook.} ({The best chance is} 23. Rxe6 $1 Rxc2 24. g3
Qc7 25. Qxc7+ Rxc7 26. Rxd6) 23... Rxf4 24. Rxe6 Qf8 25. Nf3 Rxc2 26. Rxd6 Rc8
27. Rd7 Qc5+ 28. Qxc5 Rxc5 29. Rxh7 Rc2 30. Rg7 Rxb2 31. h4 Rxa2 32. h5 Rf6 33.
Ne5 Rf5 34. Nd7+ Ka7 35. g4 {This loses the knight but White has no good move
anyway.} Rd5 36. Rf7 Rd1+ 37. Rf1 Rxd7 38. Rf2 Rxf2 39. Kxf2 a5 40. h6 a4 41.
g5 a3 42. g6 a2 43. g7 a1=Q 44. g8=Q Rd2+ 0-1

[Event "2016 Alberta Open"]
[Site "Calgary"]
[Date "2016.10.09"]
[Round "4.2"]
[White "Gardner, Robert"]
[Black "Kazmaier, Daniel"]
[Result "0-1"]
[WhiteElo "2264"]
[BlackElo "2286"]
[PlyCount "88"]
[EventDate "2016.10.08"]
[EventType "swiss"]
[EventRounds "6"]
[EventCountry "CAN"]
[SourceDate "2016.04.20"]

1. d4 f5 2. Bg5 h6 3. Bh4 g5 4. e4 Bg7 5. Bg3 fxe4 (5... f4 $2 {is known to be
bad for Black. After} 6. Bxf4 gxf4 7. Qh5+ Kf8 8. Qf5+ Nf6 9. e5 d6 10. Qxf4 {
White regains his piece with a superior position.}) 6. h4 Nf6 $6 {This natural
move gives White strong initiative.} (6... d5 $5 {occurred only once in
practice but may be Black's best.} {The idea is to keep developing and to
answer} 7. hxg5 {with} Nc6 {The check on h5 is actually not dangerous in these
lines because the black king has a nice shelter on f8.}) 7. hxg5 hxg5 8. Rxh8+
Bxh8 9. Qd2 g4 10. Nc3 d5 11. O-O-O Bf5 {White has several promising
continuations here.} 12. f3 {but this one allows Black to equalize:} Nc6 $1 13.
Nb5 $6 {This sortie works out in Black's favor.} ({The most direct approach} 
13. fxe4 Nxe4 14. Nxe4 Bxe4 15. Qg5 {can lead to some wacky variations after}
e6 ({the game can also end in a draw by repetition:} 15... Bf6 16. Qxg4 Qc8 17.
Qg8+ Kd7 18. Qg4+ Ke8) 16. Qxg4 Qf6 $5 17. Qg8+ Kd7 18. Qxa8 Nxd4 19. Be1 $1
Ne2+ 20. Nxe2 Qxb2+ 21. Kd2 Qxc2+ 22. Ke3 Qxd1 {etc.}) 13... Rc8 14. Qf4 e6 15.
Qh6 (15. Nxc7+ Kf7 {leads White nowhere.}) (15. fxg4 Bxg4 16. Be2 Bxe2 17. Nxe2
{looks better but Black is still ahead after} Kd7 $1) 15... Kd7 $1 {Black has
emerged with a large advantage that he doesn't relinquish for the rest of the
game.} 16. Be2 Qf8 17. Qh2 a6 18. Nc3 (18. Nxc7 {opening up the c-file for the
black rook doesn't look right.}) 18... gxf3 19. gxf3 b5 20. fxe4 Nxe4 21. Nxe4
Bxe4 22. Rf1 Qg7 23. c3 Nxd4 $1 {The most incisive continuation. Black is not
afraid to sacrifice material in order to break through.} ({With that said,} 
23... b4 {is also a good way to continue the attack.}) 24. cxd4 Qxd4 25. Rf7+
Kc6 26. Bf3 Bg6 $1 27. Rxc7+ Rxc7 28. Bxc7 Bf6 {Black has just two pawns for a
piece at the moment but his attack is irresistible.} 29. Bf4 e5 30. Bh6 Qc4+
31. Kd1 Qxa2 32. Qd2 Qb3+ 33. Ke1 e4 34. Be2 Bxb2 35. Qg5 Qc3+ 36. Kd1 Qd4+ 37.
Kc2 Qf6 38. Qg4 (38. Qxf6+ Bxf6 {prolongs the agony but the black pawns will
eventually decide the game.}) 38... Bf5 39. Qf4 Qc3+ 40. Kd1 e3 41. Bxb5+ axb5
42. Qxe3 Bg4+ 43. Ne2 Qxe3 44. Bxe3 d4 0-1

[Event "2016 Alberta Open"]
[Site "Calgary"]
[Date "2016.10.10"]
[Round "5.6"]
[White "Booker, Brad"]
[Black "Daniluk, Jim"]
[Result "0-1"]
[WhiteElo "2221"]
[BlackElo "1986"]
[PlyCount "126"]
[EventDate "2016.10.08"]
[EventType "swiss"]
[EventRounds "6"]
[EventCountry "CAN"]
[SourceDate "2016.04.20"]

1. e4 c5 2. Nf3 Nc6 3. Bb5 Na5 4. c3 a6 5. Bd3 d5 6. e5 g6 7. Bc2 Bg4 8. d4 Qc7
9. Nbd2 Rc8 10. Bd3 Nc6 11. h3 Bd7 12. a3 Qb6 13. dxc5 Qc7 14. O-O Bg7 15. Nb3
Nxe5 16. Bf4 Ba4 17. Bc2 e6 18. Kh1 Ne7 19. Re1 Nd3 20. Qxd3 Qxf4 21. Nfd4 O-O
22. Kg1 Qc7 23. Rad1 e5 24. Ne2 Bxb3 25. Bxb3 Qxc5 26. Bxd5 Rfd8 27. c4 b5 28.
b4 Qa7 29. Qf3 Nxd5 30. cxd5 Rd6 31. Ng3 f5 32. Nf1 e4 33. Qg3 Qd7 34. Ne3 Rc3
35. Rc1 Rd3 36. Rc8+ Qxc8 37. Qxd6 Qc3 38. Qe6+ Kf8 39. Re2 Qa1+ 40. Kh2 Qe5+
41. Qxe5 Bxe5+ 42. g3 Rxa3 43. Rc2 Bd6 44. Rc8+ Kf7 45. Rc6 Bxb4 46. Nc2 Rb3
47. Nxb4 Rxb4 48. Rxa6 Rd4 49. d6 Ke6 50. Rb6 {White dreams of exchanging the
d6-pawn for the b4-pawn with a theoretical draw but Black finds a nice and
clear path to victory.} Rb4 51. Kg2 Rb1 52. h4 b4 53. Kh2 b3 54. Kg2 b2 $1 {
Such a committal decision requires precise calculation. Black must have
foreseen the winning plan at this point.} 55. Kh2 {White can't do anything to
cross the opponent's plan. The rook has to stay on b6, while the king is
restricted to just two squares: g2 and h2.} h6 56. Kg2 g5 57. hxg5 hxg5 58. Kh2
f4 59. gxf4 gxf4 60. Kg2 f3+ (60... e3 {is also sufficient.}) 61. Kh2 e3 62.
d7+ Kxd7 63. fxe3 f2 0-1

[Event "Edmonton Fall Sectional A"]
[Site "Edmonton"]
[Date "2016.10.29"]
[Round "2"]
[White "Malek, Omid"]
[Black "MacKinnon, Keith"]
[Result "1-0"]
[WhiteElo "2180"]
[BlackElo "2295"]
[PlyCount "131"]
[EventDate "2016.10.29"]
[EventType "tourn"]
[EventRounds "5"]
[EventCountry "CAN"]
[SourceDate "2016.04.20"]

1. d4 Nf6 2. Bg5 c6 3. Nd2 Qb6 4. Bxf6 gxf6 5. Nb3 d5 6. e3 Bf5 7. Ne2 h5 8. h4
a5 9. a4 e6 10. Nf4 Bb4+ 11. c3 Bd6 12. Be2 Bxf4 13. exf4 Nd7 14. Ra3 Bg6 15.
Qd2 Ke7 16. f3 f5 17. Nc1 f6 18. Rb3 Qc7 19. Nd3 b6 20. Nf2 c5 21. O-O Rhg8 22.
Re1 c4 23. Ra3 Be8 24. Kh2 Nf8 25. g3 Ng6 26. Bf1 Kf7 27. Nh3 Qd6 28. Re3 Bc6
29. Ra1 Rg7 30. Re2 Ne7 31. Rg2 Qd7 32. Qc2 Nc8 33. b3 Nd6 34. Be2 Rgg8 35. Nf2
b5 36. axb5 Bxb5 37. bxc4 Nxc4 38. Nd1 Rge8 39. Qc1 Qc7 {After a long
maneuvering middlegame battle Black has achieved a better position. White's
main consolation is a safer king but after his next it's no longer the case.}
40. g4 $2 hxg4 41. fxg4 Rh8 $1 42. h5 fxg4 43. Bxg4 Nd6 44. Nf2 Nf5 $6 {
not the right plan.} (44... Rag8 {looks pretty good.}) 45. Nh3 Ng7 $2 (45...
Rag8 {still looks good. After} 46. Bxf5 Rxg2+ 47. Kxg2 exf5 {the h5-pawn is
going to fall soon leaving Black with both material and positional advantage.})
46. Qb1 f5 {Forced. The white queen must not be allowed to penetrate.} 47. Qxb5
({Also possible and probably better is} 47. Bf3 $5 {intending to play Rg5 next.
} {Black, however, can play} Nxh5 {with the following wacky variation:} 48.
Bxd5 Nxf4 49. Qxf5+ Ke8 50. Bxe6 {and it's only the computer that knows why
this position is drawn. A possible way to get to this result quickly is as
follows:} Nxh3+ 51. Kh1 Nf2+ 52. Kg1 Nh3+ 53. Kh1 Nf2+ {with a perpetual.})
47... fxg4 48. Ng5+ $2 {This knight is an important defender.} ({Correct is} 
48. Rxg4 {even though Black's chances must be preferred after} Rxh5) 48... Kf6
49. Rxg4 Rxh5+ 50. Kg2 Qxc3 $2 {Looks crushing except that White has a great
reply.} ({Instead, after} 50... Rah8 {White is in serious trouble.}) 51. Qe2 $3
{Suddenly turning the tables. The queen is going to e5 with lethal threats so
Black doesn't have time to take the rook.} Rah8 $2 {Throwing away the rest of
the full point.} (51... Rg8 {was proposed in the post-mortem and this move
does hold Black's position together.} {After} 52. Rb1 Qc7 $1 {Black has
everything covered.}) ({Another good move is} 51... Ke7 {Now after} 52. Qe5 {
Black can take a draw by perpetual:} Qb2+ 53. Kf3 Qc3+ 54. Kf2 Qb2+ {etc.}) 52.
Qe5+ Ke7 53. Qxg7+ Ke8 {In this position White has two ways to win.} 54. Qg6+ {
Omid demonstrates the first one.} ({The other route is} 54. Qf7+ Kd8 55. Nxe6+
Kc8 56. Rg8+ Rxg8+ 57. Qxg8+ Kd7 58. Nc5+ {with a quick checkmate to follow.})
54... Kd8 55. Qf6+ Kc8 56. Qxe6+ Kc7 57. Qe7+ Kc6 58. Qc5+ $1 {The only but
sufficient move here.} Qxc5 59. dxc5 Rh2+ 60. Kg3 Kxc5 61. Rxa5+ Kc6 62. f5 {
The rest is redundant.} Rh1 63. Nf3 Rd1 64. Rg6+ Kb7 65. Ra2 Rh5 66. Re2 1-0

[Event "Edmonton Fall Sectional A"]
[Site "Edmonton"]
[Date "2016.10.30"]
[Round "5"]
[White "Gardner, Robert"]
[Black "Villavieja, Butch"]
[Result "1-0"]
[WhiteElo "2291"]
[BlackElo "2201"]
[PlyCount "107"]
[EventDate "2016.10.29"]
[EventType "tourn"]
[EventRounds "5"]
[EventCountry "CAN"]
[SourceDate "2016.04.20"]

1. d4 Nf6 2. c4 g6 3. Nc3 Bg7 4. e4 d6 5. f3 O-O 6. Be3 Nc6 7. Nge2 a6 8. Qd2
Rb8 9. Rc1 e6 10. g4 Bd7 11. Ng3 e5 12. Nce2 exd4 13. Nxd4 Ne5 14. Be2 b5 15.
cxb5 axb5 16. g5 Ne8 17. b3 c5 18. Nc2 f5 19. exf5 Bxf5 20. Nxf5 Rxf5 21. f4
Nd7 22. Bg4 Rf8 23. h4 Nb6 24. h5 Qe7 25. O-O b4 26. hxg6 hxg6 27. Qd3 Nc7 28.
Rce1 Qf7 29. Qxd6 Nbd5 30. Bxc5 Bc3 31. Re4 Rfe8 32. Rxe8+ Rxe8 33. f5 Kg7 34.
f6+ Kg8 35. Rf2 Be5 36. Qc6 Bf4 37. Qd7 Re5 38. Kf1 Bxg5 39. Qxf7+ Kxf7 40. Bd6
Re4 41. Bf3 Re6 42. Bxc7 Nxc7 43. Nxb4 Rxf6 44. Bd5+ Ke7 45. Nc6+ Kd6 46. Rxf6+
Bxf6 47. Be4 {An interesting endgame that has a drawish flavor thanks to the
presence of the opposite-color bishops on the board. Also, White doesn't have
many pawns left.} Nb5 48. a4 Nc3 (48... Nd4 {looks like a clear-cut way to a
draw:} 49. Nxd4 Bxd4 {and the white pawns will be blocked soon.}) 49. Bf3 g5 {
Possible but makes Black's task more complicated.} ({Simpler is} 49... Kc5 {
intending to meet} 50. a5 {with} Kb5 {with an easy draw.}) 50. a5 Nb5 $2 {
It's hard to believe but after this natural move Black won't be able to stop
the a-pawn.} ({Correct is} 50... Nd5 $1 {which doesn't really look right at
first glance.} {Now} 51. a6 ({White can also try} 51. Bxd5 Kxd5 52. Nb4+ {
hoping for} Kc5 $2 ({but after} 52... Kd6 {a draw is inevitable}) 53. a6 $1 Kb6
54. Nd5+) 51... Kxc6 52. Bxd5+ Kb6 {is an easy draw.}) 51. a6 $1 {White seizes
his chance.} Kc5 52. a7 Nc7 53. Nb8 $1 Kd4 (53... Kb4 54. Na6+ {leads to the
same result.}) 54. Na6 1-0